Ranking : Design 2003/2004 Industrial Design : Die 100 Besten = Ranking : Design 2003/2004 Industrial Design : The Top 100 /
Պահպանված է:
| Ձևաչափ: | Գիրք |
|---|---|
| Լեզու: | German |
| Հրապարակվել է: |
Alemania :
D Publishing Concepts,
2004, c2004
|
| Խորագրեր: | |
| Ցուցիչներ: |
Չկան պիտակներ, Եղեք առաջինը, ով նշում է այս գրառումը!
|
MARC
| LEADER | 00000nam^a2200000^a^4500 | ||
|---|---|---|---|
| 001 | 000185230 | ||
| 005 | 20250521000000.0 | ||
| 009 | 20260310102144.358 | ||
| 020 | |a 3-9809320-0-1 | ||
| 037 | |a Acervo ITESO - Biblioteca | ||
| 041 | |a ALE | ||
| 082 | |a 745. 2 |b RAN 2003 | ||
| 240 | 1 | 1 | |a [Ranking: Design] |
| 245 | 0 | 0 | |a Ranking : |b Design 2003/2004 Industrial Design : Die 100 Besten = Ranking : Design 2003/2004 Industrial Design : The Top 100 / |
| 264 | 4 | |a Alemania : |b D Publishing Concepts, |c 2004, c2004 | |
| 300 | |a 193 p. | ||
| 336 | |a texto |b txt |2 rdacontenido | ||
| 337 | |a sin mediación |b n |2 rdamedio | ||
| 338 | |a volumen |b nc |2 rdasoporte | ||
| 546 | |a Edición bilingüe alemán-inglés | ||
| 649 | |a XX | ||
| 650 | |a Diseño Industrial - |x Anuarios | ||
| 650 | |a Diseño Industrial - |x Concursos | ||
| 650 | |a Diseño Industrial - |x Premios | ||
| 650 | |a Diseño Industrial - |x Historia y Crítica | ||
| 650 | |a Diseño Industrial - |y 2000-2009 | ||
| 650 | |a Diseño Industrial - |y Siglo XXI | ||
| 650 | |a Diseño Industrial - |z Alemania - |x Historia y Crítica | ||
| 650 | |a Diseño Industrial - |z Alemania - |y 2000-2009 | ||
| 650 | |a Diseño Industrial - |z Alemania - |y Siglo XXI | ||
| 650 | |a Diseño - |x Anuarios | ||
| 650 | |a Diseño - |x Concursos | ||
| 650 | |a Diseño - |x Premios | ||
| 650 | |a Diseño - |x Historia y Crítica | ||
| 650 | |a Diseño - |x Historia - |y 2000-2009 | ||
| 650 | |a Diseño - |y Siglo XXI | ||
| 650 | |a Diseño Alemán - |x Historia y Crítica | ||
| 650 | |a Diseño Alemán - |x Historia - |y 2000-2009 | ||
| 650 | |a Diseño Alemán - |x Historia - |y Siglo XXI | ||
| 650 | |a Arte - |x Anuarios | ||
| 650 | |a Arte - |x Concursos | ||
| 650 | |a Arte - |x Premios | ||
| 650 | |a Arte - |x Historia y Crítica | ||
| 650 | |a Arte - |y 2000-2009 | ||
| 650 | |a Arte - |y Siglo XXI | ||
| 650 | |a Arte Alemán - |x Historia y Crítica | ||
| 650 | |a Arte Alemán - |y 2000-2009 | ||
| 650 | |a Arte Alemán - |y Siglo XXI | ||
| 910 | |a Fondo General | ||
| 920 | |a Impresos - Libros | ||
| 930 | |a Reserva Especial | ||
| 905 | |a 103 | ||
| 901 | |a 0500126200 |b IT1 |c REE |u 20250521 | ||
| 902 | |a https://opac.biblio.iteso.mx/vufind/Record/000185230 | ||